Bismarck ; some secret pages of his history (Record no. 553231)
[ view plain ]
| 000 -LEADER | |
|---|---|
| fixed length control field | 00721cam a2200169Ki 4500 |
| 082 04 - DEWEY DECIMAL CLASSIFICATION NUMBER | |
| Classification number | 923.243 |
| Author Mark | BIS |
| 100 1# - MAIN ENTRY--PERSONAL NAME | |
| Personal name | Busch, Moritz, |
| 9 (RLIN) | 50489 |
| 245 10 - TITLE STATEMENT | |
| Title | Bismarck ; some secret pages of his history |
| Statement of responsibility, etc. | being a diary kept by Dr. Moritz Busch during twenty-five years' official and private intercourse with the great Chancellor. |
| 260 ## - PUBLICATION, DISTRIBUTION, ETC. | |
| Place of publication, distribution, etc. | London : |
| Name of publisher, distributor, etc. | Macmillan ; |
| Place of publication, distribution, etc. | New York : |
| Name of publisher, distributor, etc. | Macmillan Co., |
| Date of publication, distribution, etc. | 1898. |
| 300 ## - PHYSICAL DESCRIPTION | |
| Extent | 1 online resource (3 v.) : |
| Other physical details | ill., ports. |
| 500 ## - GENERAL NOTE | |
| General note | Includes index. |
| 526 ## - STUDY PROGRAM INFORMATION NOTE | |
| Program name | 0 |
| Interest level | 0 |
| Reading level | 0 |
| Title point value | 923_243000000000000_BIS |
| 650 ## - SUBJECT ADDED ENTRY--TOPICAL TERM | |
| Topical term or geographic name entry element | MCE |
| 9 (RLIN) | 379 |
| 856 40 - ELECTRONIC LOCATION AND ACCESS | |
| Uniform Resource Identifier | <a href="http://catalog.hathitrust.org/api/volumes/oclc/681809.html">http://catalog.hathitrust.org/api/volumes/oclc/681809.html</a> |
| 856 40 - ELECTRONIC LOCATION AND ACCESS | |
| Uniform Resource Identifier | <a href="http://catalog.hathitrust.org/api/volumes/oclc/7856412.html">http://catalog.hathitrust.org/api/volumes/oclc/7856412.html</a> |
| 942 ## - ADDED ENTRY ELEMENTS (KOHA) | |
| Source of classification or shelving scheme | |
| Koha item type | Book |
| Withdrawn status | Lost status | Source of classification or shelving scheme | Damaged status | Not for loan | Permanent Location | Current Location | Shelving location | Date acquired | Total Checkouts | Full call number | Barcode | Date last seen | Price effective from | Koha item type |
|---|---|---|---|---|---|---|---|---|---|---|---|---|---|---|
| Military College of Engineering (MCE) | Military College of Engineering (MCE) | 02/02/2015 | 923.243 BIS | MCE-ECB /53 | 02/02/2015 | 02/02/2015 | Book |
